00635nam a2200193 a 45000010005000000030005000050050017000100080041000270400020000681000038000882450055001262600059001814900026002406500033002666500021002999420013003209990015003339520093003483517CDMR20131002121653.0130130s1970||||||||||||||||||||||||||||d aCDMRbcatcCDMR1 aBoretsky, Rudolf Andrejevic9252010aTelevision journalismcR. A. Boretsky, A. Yurovsky aPragac1970bInternational Organization of Journalists aJournalist Libraryv20493706aPeriodisme audiovisual049597aTelevisió cMON2udc c3517d3517 00104070aCDMRbCDMRd2013-01-16l0oFo /7pCDMR13107708Fr2013-01-16w2013-01-16yMON